000 00815nam a2200253Ia 4500
003 OSt
005 20220923211206.0
006 a|||||r|||| 00| 0
007 ta
008 Pun
020 _a8781380347 (hbk)
_c240
024 _a280,562
037 _b804, 09/03/2014, H.K. Prakashan
_cTextual
040 _aARTS
_cARTS
_bPun
041 _2Pun
_aPun
082 _aO153,3NPA1x, Q3
100 _aਜਗਤਾਰਨ ਸਿੰਘ
_9159374
245 0 _aਸਿੱਖੀ ਖੰਨਿਉ੍ਵ ਤਿੱਖੀ
260 _aਦਿੱਲੀ
_b ਐੱਮ ਪੀ ਪ੍ਰਕਾFਨ
_c2013
300 _a110ਪੰ
_ccm.
650 _aਪੰਜਾਬੀ ਸਾਹਿਤ
942 _hO153,3NPA1x, Q3
_cTEXL
_2CC
999 _c296601
_d296601